random trivia questions#2 - Statistics

General Stats
  • This quiz has been taken 24 times
  • The average score is 3 of 15
Answer Stats
Hint Answer % Correct
What mammal lays eggs? platypus
85%
What bird is the closest living relative of the Tyrannosaurus rex? chicken
55%
What fruit can be both red and white inside, even though it looks the same on the outside? dragon fruit
20%
How many noses does a slug have? four
20%
What animal’s milk is pink? Hippopotamus
20%
what company has made the most tyres in the world? (its not what you expect!) lego
20%
What U.S. president had a pet alligator in the White House? John Quincy Adams
15%
What insect is sometimes called a “murder hornet”? asian giant hornet
10%
What was the first toy to be advertised on television? Mr potato head
10%
Which animal can regrow its heart if it is damaged? zebra fish
10%
What is Barbie’s full name? Barbara Millicent Roberts
5%
Which body part has no blood supply and heals very slowly? Cartilage
5%
What U.S. state has a law making it illegal to carry an ice cream cone in your back pocket? kentucky
5%
Which famous scientist slept with a hammer and a ball to avoid falling asleep for too long? Thomas edison
5%
What is the fear of long words ironically called? Hippopotomonstrosesquippedaliophobia
0%
No matching quizzes found
Score Distribution
Percent of People with Each Score
Percentile by Number Answered
Your Score History
You have not taken this quiz